000 00631nam a2200229 i 4500
001 bgj
100 1 _aTIEDEMANN, Rolf.
245 1 _aDialektik im Stillstand :
_bVersuche zum Spätwerk Walter Benjamins /
_cRolf Tiedemann.
260 _aFrankfurt am Main :
_bSuhrkamp,
_c1983.
300 _a195 s. ;
_c18 cm.
490 1 _aSuhrkamp-Taschenbuch Wissenschaft
_v445
650 9 _aFilozofia
830 _aSuhrkamp-Taschenbuch Wissenschaft
020 _a3518280457
040 _cBPK
041 0 _ager
044 _aDEU
080 _a1
920 _a3-518-28045-7
942 _cKS
008 s gw f |000 0 ger
999 _c50729
_d50729
856 _uhttp://koha.tu.koszalin.pl/cgi-bin/koha/opac-detail.pl?biblionumber=50729
_yKatalog online BPK